|
|
|
|
| LEADER |
00000cam a2200000 7i4500 |
| 001 |
0000003430 |
| 005 |
20060320.0 |
| 090 |
0 |
0 |
|a 634.1678
|b MAN
|
| 100 |
1 |
0 |
|a Ministry of Taurism, Natural Resouces and Environment Tanzania
|
| 245 |
1 |
0 |
|a Management plan for the mangrove ecosystem of Mainland Tanzania :
|b PART I :an overview of the mangroves and of strategies and approaches essential for the implementation of the plan
|c Ministry of taurism, natural resouces and environment, forest and beekeeping division catchment forest project 1991.
|
| 260 |
0 |
0 |
|a Tanzania :
|b Forest and Beekeeping Division ,
|c 1991
|
| 300 |
|
|
|a p. :
|b ill. map ;
|c 30 cm.
|
| 650 |
0 |
0 |
|a Forest and forestry
|x management
|z Tanzania
|
| 650 |
0 |
0 |
|a Forest management
|
| 650 |
0 |
0 |
|a Mangrove Forest
|x management
|z Tanzania
|
| 650 |
0 |
0 |
|a Mangrove Plants
|
| 710 |
2 |
1 |
|a Forest and Beekeeping Division
|
| 999 |
|
|
|a 0000006498
|b Monograph
|c Open Shelf
|e Default branch
|